000 00523nmm a2200169Ia 4500
008 251105s9999||||xx |||||||||||||||||und||
020 _a9788481693768
041 _aspa
100 _aGil Arbiol, Carlos Javier
245 0 _aPrimera y segunda carta a los Tesalonicenses
264 _a[Madrid, España] :
_bEditorial Verbo Divino,
_c2003
300 _a204 páginas
490 _aGuías de lectura del Nuevo Testamento
650 _aReligion(s)
856 _uhttps://public.digitaliapublishing.com/a/20619
942 _cCF
999 _c85884
_d85884